000 00927nam a22002537a 4500
005 20100813105052.0
010 _aENG-100137
020 _a9789380502144
_c525.00
035 _aEN-83669
037 _bDBAD/PUB
082 _a951.05
100 _aGrasso, June
_912201
245 _aModernization and revolution in china :
_bfrom the opium wars to the olmypics /
_cby June Grasso, Jay Corrin [and] Michael Kort
250 _a4th ed
260 _aNew Delhi
_bK W Publishers
_c2010
270 _a4676/21, First Follr, Ansari Road, Daryaganj,
_bNew Delhi
_e110002
300 _axi, 337p.:
_c23cm (pbk)
_bill
500 _aIncludes index
650 _aChina
700 _aCorrin, Jay
_912202
700 _aKort, Michael
_912203
942 _2ddc
_cEN
_h951.05
_mGRA
999 _c41500
_d41500